Govt. of
Madhya Pradesh

Normal view MARC view

Entry Personal Name

Number of records used in: 1

001 - CONTROL NUMBER

  • control field: 82508

003 - CONTROL NUMBER IDENTIFIER

  • control field: OSt

005 - DATE AND TIME OF LATEST TRANSACTION

  • control field: 20241018141426.0

008 - FIXED-LENGTH DATA ELEMENTS

  • fixed length control field: 241018|| aca||aabn | a|a d

040 ## - CATALOGING SOURCE

  • Original cataloging agency: OSt
  • Transcribing agency: OSt

100 ## - HEADING--PERSONAL NAME

  • Personal name: Tripati,Vipul Kumar

670 ## - SOURCE DATA FOUND

  • Source citation: Work cat.: (OSt)67035: Tripati,Vipul Kumar, NCERT Notes Indian & World Geography Class 6-12(old+new), 2024